[Event "FEDA International IM 2020"]
[Site "La Palma"]
[Date "2020.12.04"]
[Round "5.1"]
[White "Macias Pino, Diego"]
[Black "Vergara Anton, Diego"]
[Result "1/2-1/2"]
[WhiteElo "2153"]
[BlackElo "2177"]
[Annotator "TA"]
[PlyCount "65"]
[EventDate "2020.11.29"]
[EventCountry "ESP"]
[SourceTitle "playchess.com"]
[Source "ChessBase"]
[SourceQuality "1"]

{[%evp 14,65,32,8,20,12,6,10,23,-29,-19,-30,0,-26,0,0,0,0,63,31,31,33,17,0,11,15,15,15,15,14,14,13,27,30,27,27,31,29,68,0,24,0,60,29,29,-87,-87,-104,-111,-111,-111,-111,-118,-100]} 1. e4 e6 2. d4 d5 3. Nd2 Nf6 4. e5 Nfd7 5. f4 c5 6. c3 Nc6 7. Ndf3 Qb6 8. a3 c4 {C05: French Tarrasch: 3...Nf6 4 e5 Nfd7, 5 f4 and 5 Bd3 sidelines.} 9. g3 Na5 {[#]} 10. Bg2 $146 ({Predecessor:} 10. Bh3 Qb3 11. f5 Qxd1+ 12. Kxd1 exf5 13. Bxf5 Nxe5 14. Bxc8 Nxf3 15. Bxb7 Nxb7 16. Nxf3 {½-½ (36) Adell Corts,F (2212)-Silva Rodriguez,J (2126) Mislata 2010}) 10... Qb3 {The position is equal.} 11. Qxb3 (11. Qe2 $142) 11... Nxb3 $11 12. Rb1 Nb6 13. Nd2 (13. Be3 {is interesting.} Be7 14. Nd2 Bd7 15. Nxb3 cxb3 16. Bf1) 13... Nxd2 14. Bxd2 Bd7 15. Be3 Na4 ({Black should try} 15... h5 $11) 16. Ne2 g6 17. Kd2 h5 18. h3 Be7 19. Kc2 O-O-O 20. g4 Nb6 21. Bf3 hxg4 22. hxg4 Rdg8 23. Kd2 Kd8 24. Rbg1 Ke8 25. Ng3 Bh4 26. Ne2 (26. Rh3 $5 {[%cal Rg1h1]} Bd8 27. Rgh1 Rxh3 28. Rxh3 $14) 26... Be7 27. Ng3 Bh4 28. Bf2 Kf8 29. Rh3 {[#]} (29. Kc1 $11 {keeps the balance.}) 29... Bg5 $1 $17 {[%cal Rg5f4][%mdl 576] Discovered Attack. Black is better.} 30. Rxh8 (30. fxg5 Rxh3) 30... Bxf4+ 31. Be3 Bxe3+ 32. Kxe3 Rxh8 33. Rg2 {Weighted Error Value: White=0.23/Black=0.10} 1/2-1/2

[Event "FEDA International IM 2020"]
[Site "La Palma"]
[Date "2020.12.04"]
[Round "5.2"]
[White "Quispe Arteaga, Gabriel"]
[Black "Sosa, Tomas"]
[Result "1/2-1/2"]
[WhiteElo "2397"]
[BlackElo "2529"]
[Annotator "TA"]
[PlyCount "92"]
[EventDate "2020.11.29"]
[EventCountry "ESP"]
[SourceTitle "playchess.com"]
[Source "ChessBase"]
[SourceQuality "1"]

{[%evp 12,92,8,0,8,11,23,23,22,22,25,17,14,17,20,11,17,11,43,42,42,27,72,68,86,85,72,0,30,0,62,0,19,0,23,33,31,37,44,38,64,63,77,76,100,76,116,119,164,162,164,164,146,168,178,0,146,114,114,114,114,114,114,114,114,97,114,72,114,114,114,114,114,114,114,114,83,0,0,0,200,0,0]} 1. Nf3 Nf6 2. d4 c5 3. e3 d5 4. b3 Nc6 5. Bb2 Bg4 6. Be2 e6 7. O-O {7.0-0 is better than 7.Nbd2.} cxd4 {A06: Réti Opening: 1 Nf3 d5.} 8. Nxd4 Bxe2 9. Qxe2 Bd6 {White has an edge.} 10. Nxc6 bxc6 11. c4 O-O 12. Nc3 {[#]} Re8 $146 ({Predecessor:} 12... Qa5 13. Rac1 Ba3 {½-½ (13) Nguyen,H (2406)-Atabayev,Y (2455) Chengdu 2017}) 13. Rfd1 Qe7 14. Rac1 Rad8 15. cxd5 cxd5 16. Nb5 Bb8 17. Bxf6 Qxf6 18. Nd4 $1 Bd6 19. Nb5 Bb8 20. Nd4 Bd6 $1 21. Nb5 ({White should play} 21. Nc6 $14) 21... Qe7 22. Nd4 {Black must now prevent Nc6.} Qb7 (22... Qf6 {with more complications.}) 23. Qb5 Qxb5 24. Nxb5 Bb8 25. Rc6 Rc8 26. Rdc1 Rxc6 27. Rxc6 $14 {[%mdl 4096] Endgame KRB-KRN} h5 28. g3 e5 29. Nc7 Rd8 {[#]} 30. Nxd5 $1 {[%mdl 576] Deflection} Rxd5 $18 {KRB-KR} 31. Rc8+ {[%mdl 64] Double Attack} Kh7 {Strongly threatening ...Bd6.} 32. Rxb8 $16 {KR-KR} f6 33. b4 $2 ({Better is} 33. a4 $18) 33... Kg6 (33... Rd1+ $1 $11 34. Kg2 Ra1) 34. Kg2 a5 35. a3 Rd3 36. bxa5 Rxa3 37. Ra8 Kf5 38. h3 g5 39. Ra6 g4 40. e4+ Kg6 41. Ra8 $1 Kg7 42. a6 {[%cal Ba5a6,Ba6a7][%mdl 32]} Ra4 43. a7 Ra1 {[#]} 44. h4 (44. Kh2 $1 $16) 44... Ra2 $18 45. Kf1 Ra4 {[#]} 46. Kg2 $2 (46. Ke1 $1 $18) 46... Ra1 {Weighted Error Value: White=0.20/Black=0.15} 1/2-1/2

[Event "FEDA International IM 2020"]
[Site "La Palma"]
[Date "2020.12.04"]
[Round "5.3"]
[White "Habans Aguerrea, Javier"]
[Black "Adla, Diego"]
[Result "1/2-1/2"]
[WhiteElo "2269"]
[BlackElo "2433"]
[Annotator "TA"]
[PlyCount "94"]
[EventDate "2020.11.29"]
[EventCountry "ESP"]
[SourceTitle "playchess.com"]
[Source "ChessBase"]
[SourceQuality "1"]

{[%evp 9,94,27,123,122,119,125,147,152,185,167,187,197,199,198,202,208,264,221,220,192,227,180,466,466,439,449,633,634,635,483,490,489,466,465,529,533,533,533,508,502,485,488,464,464,451,179,163,55,59,59,59,59,59,56,56,56,46,49,49,26,26,26,26,26,36,36,60,59,60,60,60,59,60,59,60,59,59,59,59,59,59,59,105,105,112,97,97]} 1. d4 d5 2. c4 dxc4 3. e3 e5 4. Bxc4 exd4 5. Nf3 Nf6 (5... Bb4+ $11 {remains equal.} 6. Bd2 Bxd2+ 7. Qxd2 (7. Kxd2 dxe3+ 8. Ke2 Qf6 $17) 7... Nf6) 6. Qb3 $16 {D20: Queen's Gambit Accepted: 3 e3 and 3 e4.} (6. Nxd4 $6 Bd6 $11) (6. exd4 $6 Bb4+ 7. Nc3 O-O $11) (6. Qxd4 $6 Bd6 $11) 6... Bd6 7. Bxf7+ Kf8 8. Nxd4 {[#] White is clearly better.} Na6 $146 {[#] ...Nc5 is the strong threat.} ({Predecessor:} 8... c5 9. Ne6+ Bxe6 10. Bxe6 Qe7 11. O-O Nc6 12. Bh3 Re8 13. g3 h5 14. Bg2 h4 {1-0 (56) Gohil,H (2340)-Dausch,R (2385) Germany 2009}) 9. Bc4 $1 Nc5 10. Qc2 h5 11. Nc3 $40 {[%mdl 128] White has strong attack.} (11. Qg6 $6 Qe7 $16) 11... h4 12. h3 (12. Qg6 Qe7) 12... a5 13. b3 (13. Qg6 $6 Qe7 $16) 13... Rh5 14. Bb2 ({Resist} 14. Qg6 $6 Qe7) 14... Rg5 15. O-O-O Rxg2 $2 (15... Qe8 16. f3 Rh5) 16. Rdg1 Rxg1+ 17. Rxg1 Bxh3 (17... Qe7 $142 18. Qg6 Ra6) 18. Qg6 $18 {[%csl Gc4][%cal Rg6f7]} Qd7 19. Rg5 Re8 {[#] intending ...Re5.} 20. Nf5 $1 {[%mdl 512]} Bxf5 21. Rxf5 Re5 22. Rxf6+ gxf6 23. Qxf6+ {[%mdl 64] Double Attack} Ke8 24. Qh8+ Ke7 25. Qxh4+ Ke8 26. Qh8+ Ke7 27. Nd5+ $2 (27. f4 Qe8 28. Qh7+ Kd8 29. fxe5 Bxe5 30. Ba3 Bxc3 31. Bxc5) 27... Rxd5 28. Bxd5 (28. Qf6+ $18 Ke8 29. Qg6+ (29. Bxd5 Nd3+ 30. Kb1 Nxb2 $16) 29... Qf7 30. Qxf7+ Kxf7 31. Bxd5+ Kg6 32. Kd2) 28... Nd3+ 29. Kb1 {[%csl Gh8][%cal Rb2f6]} Nxb2 30. Qg7+ ({Worse is} 30. Bxb7 Qf5+ 31. e4 Be5 $17) 30... Kd8 31. Qxd7+ Kxd7 32. Kxb2 $14 {[%mdl 4096] Endgame KB-KB} c6 33. Bg8 Bh2 $1 34. f4 Bg1 35. e4 Bh2 36. f5 Be5+ 37. Kc2 b5 38. Kd3 Ke7 39. Be6 Bf6 40. Ke3 Be5 41. Kf3 c5 42. Ke3 a4 43. bxa4 bxa4 44. Kd3 a3 45. Kc4 Kf6 46. Kxc5 Bb2 47. Kb4 Ke5 {Black escapes into a draw.  Weighted Error Value: White=0.19/Black=0.25} 1/2-1/2

[Event "FEDA International IM 2020"]
[Site "La Palma"]
[Date "2020.12.04"]
[Round "5.4"]
[White "Alonso Garcia, Aaron"]
[Black "Garrido Outon, Alex"]
[Result "1-0"]
[WhiteElo "2258"]
[BlackElo "2359"]
[Annotator "TA"]
[PlyCount "59"]
[EventDate "2020.11.29"]
[EventCountry "ESP"]
[SourceTitle "playchess.com"]
[Source "ChessBase"]
[SourceQuality "1"]

{[%evp 16,59,-12,-6,5,-16,-9,-7,-14,-29,-32,-45,0,0,0,0,8,0,11,-7,-8,-8,64,64,64,59,74,60,79,80,106,73,175,183,172,172,174,172,208,170,390,389,485,484,457,455]} 1. e4 c5 2. Nc3 Nc6 3. g3 g6 4. Bg2 Bg7 5. d3 d6 6. Be3 Rb8 7. Nge2 b5 8. Qd2 b4 9. Nd1 $1 h5 {B26: Closed Sicilian: 3 g3, lines with early Be3.} 10. h4 Nd4 11. O-O a5 {[#] The position is equal.} 12. Nf4 $146 ({Predecessor:} 12. c3 Nxe2+ 13. Qxe2 Nh6 14. Bg5 Be6 15. Qd2 a4 16. f3 f6 17. Be3 f5 18. cxb4 Rxb4 {0-1 (32) Esquivel Leon,J (2174)-Campian,C (2430) ICCF email 2018}) 12... Nf6 13. f3 Ne6 14. Nxe6 Bxe6 15. d4 Qc8 16. d5 Bh3 17. Bxh3 Qxh3 18. Bf4 Nd7 ({Better is} 18... O-O $11) 19. Nf2 $1 $14 {[%cal Rf2h3]} Bd4 {[#] ...Ne5 is the strong threat.} 20. c3 $1 {[%cal Rc3d4]} bxc3 21. bxc3 Ne5 22. Bxe5 dxe5 23. Qg5 Be3 (23... Bxf2+ $16 24. Rxf2 O-O) 24. Qxe3 $18 Qxg3+ 25. Kh1 O-O 26. Rab1 Rxb1 27. Rxb1 Qxh4+ $2 {[#]} (27... c4 28. Nd1 f5) 28. Kg2 f5 29. Qh6 Qf6 {intending ...fxe4.} 30. Nh3 {Weighted Error Value: White=0.05/Black=0.39} 1-0

[Event "FEDA International IM 2020"]
[Site "La Palma"]
[Date "2020.12.04"]
[Round "5.5"]
[White "Hernandez, Cristian Andres"]
[Black "Abergel, Thal"]
[Result "1/2-1/2"]
[WhiteElo "2322"]
[BlackElo "2444"]
[Annotator "TA"]
[PlyCount "100"]
[EventDate "2020.11.29"]
[EventCountry "ESP"]
[SourceTitle "playchess.com"]
[Source "ChessBase"]
[SourceQuality "1"]

{[%evp 14,100,0,0,0,-24,-26,-53,-37,-39,-44,-57,-37,-37,-27,-40,-36,-40,-8,-31,0,-40,0,-25,0,0,0,-10,-22,-22,0,-3,0,0,0,0,-9,-20,0,0,0,-38,-27,-43,16,0,0,-32,0,-13,-18,-92,-38,-40,0,0,0,0,0,0,0,0,0,0,0,-389,0,-400,-363,-409,-425,-395,-122,-124,-103,-106,-25,-25,-16,-28,0,0,0,0,0,0,2,0,0]} 1. d4 d5 2. Nf3 e6 3. c4 a6 4. e3 Nf6 5. Nc3 dxc4 6. Bxc4 b5 7. Be2 Bb7 8. O-O Nbd7 {D26: Queen's Gambit Accepted: 4 e3 e6 5 Bxc5 c5 sidelines.} 9. Bd2 c5 10. a4 b4 {Black is slightly better.} 11. Na2 {[%cal Bc3a2,Ba2c1,Bc1d3,Bd3e5,Be5c4][%mdl 32]} a5 12. Bb5 cxd4 {[#]} 13. exd4 $146 ({Predecessor:} 13. Nxd4 Bd6 14. Nc1 O-O 15. Ncb3 Rc8 16. Rc1 Rxc1 17. Qxc1 Ng4 18. h3 {1-0 (50) Jordaan,W (1809)-Dantas,R (1829) LSS email 2009}) 13... Bd6 14. Nc1 O-O 15. Nd3 Nd5 16. Qe2 N7f6 17. Nde5 Qb6 18. Rac1 Rad8 19. Rfe1 Bb8 20. Nc4 Qa7 21. Nce5 Qa8 22. Bc6 Bxe5 23. Nxe5 Ne7 24. Bxb7 Qxb7 25. Be3 Nf5 26. Rc5 Nxd4 27. Bxd4 Rxd4 28. Rxa5 Rfd8 (28... Re4 $15 29. Qf1 Qc7) 29. Nf3 Re4 30. Qc2 (30. Rd1 $5 {[%cal Rd1d8]} Rc8 31. Qd3 $11) 30... Rxe1+ 31. Nxe1 b3 32. Qc3 (32. Qc4 $11) 32... Ne4 ({Black should try} 32... h6 $17 33. Re5 Rd1) 33. Qe3 $15 Nd2 {Threatening ...Nc4.} 34. Rb5 Qc8 $40 {[%mdl 128] White needs to defend precisely.} 35. Rc5 Qa6 {[%csl Gd2][%cal Ra6f1]} 36. h3 h6 37. a5 Rd6 38. h4 f5 39. h5 $2 {[%mdl 8192]} (39. Qe5 $11 {and White is okay.} Qf1+ 40. Kh2 Qxf2 41. Rc7 (41. Qxd6 Qxh4+ 42. Kg1 Qxe1+ 43. Kh2 Nf1+ 44. Kh3 Qe3+ 45. g3 Qe2 46. Rxf5 exf5 47. Qd5+ Kh8 48. Qh1 Ne3 49. Qa8+ Kh7 50. g4 Qf1+ 51. Kh2 Nxg4+ 52. Kg3 Qf2+ {[%mdl 64] Double Attack} 53. Kh3 Qh2#) 41... Qxh4+ 42. Kg1) 39... Qf1+ $1 $19 40. Kh2 {And now Rc8+ would win.} Ne4 {[%mdl 64] Double Attack} 41. Rc8+ Kh7 {Hoping for ...Rd1.} 42. f3 Nf6 $2 ({Not} 42... Rd1 43. Rc1 $15) (42... Nf2 $1 $19 {has better winning chances.} 43. Rc1 (43. Kg3 $2 Qg1 $19) 43... Qh1+ 44. Kg3 Nd1) 43. Qe5 $17 {[#]} Qa6 $1 ({Stronger than} 43... Rd1 44. Qxe6 Qb5 45. a6 $14) 44. Ra8 {[#]} Qxa8 (44... Qc6 $1 $17 45. Ra7 Nxh5) 45. Qxd6 $11 {Strongly threatening a6.} Qxa5 46. Qxe6 Nxh5 {White must now prevent ...Qc7+.} 47. Nd3 {The position is equal.} Qb5 48. Ne5 Nf6 49. Qxf5+ Kg8 50. Qe6+ Kh7 {And White is the lucky defender.  Weighted Error Value: White=0.29/Black=0.23} 1/2-1/2

[Event "FEDA International IM 2020"]
[Site "La Palma"]
[Date "2020.12.05"]
[Round "6.1"]
[White "Vergara Anton, Diego"]
[Black "Abergel, Thal"]
[Result "1/2-1/2"]
[WhiteElo "2177"]
[BlackElo "2444"]
[Annotator "TA"]
[PlyCount "92"]
[EventDate "2020.11.29"]
[EventCountry "ESP"]
[SourceTitle "playchess.com"]
[Source "ChessBase"]
[SourceQuality "1"]

{[%evp 12,92,26,3,46,32,31,42,49,51,39,59,51,45,46,34,54,45,52,56,44,43,52,31,37,29,50,38,58,67,96,54,56,0,0,0,0,0,8,0,0,-10,0,-15,-13,-24,-4,-5,0,-22,-12,-25,0,0,-4,-5,0,-3,0,-17,0,0,0,0,0,0,0,0,0,0,0,0,0,0,0,0,0,0,0,0,0,0,0]} 1. d4 Nf6 2. Nf3 e6 3. g3 c5 4. Bg2 cxd4 5. Nxd4 d5 6. c4 e5 7. Nf3 e4 {E01: Catalan: Early deviations.} 8. Nd4 dxc4 9. O-O Bc5 {White is slightly better.} 10. Qa4+ Qd7 11. Nb5 {[#] Hoping for Rd1.} O-O 12. Qxc4 Qc6 {Threatens to win with ...Bxf2+!} 13. Nd4 {[#]} Qb6 $146 ({Predecessor:} 13... Be6 14. Qc3 Qb6 15. Nxe6 fxe6 16. Qb3 Qxb3 17. axb3 Nc6 18. Nc3 Nd4 19. Bg5 Nxb3 {1-0 (37) Melkumyan,H (2622)-Fridman,D (2649) Bastia 2015}) 14. Nb3 Be7 15. Be3 Qc6 16. Qxc6 Nxc6 17. Bc5 Re8 18. Nc3 Bf5 19. Rfd1 Be6 {[#] ...Bxb3 is the strong threat.} 20. Bxe7 Bxb3 21. axb3 Rxe7 22. Nd5 ({White should play} 22. Ra4 $14) 22... Nxd5 $11 23. Rxd5 g6 24. g4 Rae8 25. Rad1 Kg7 26. e3 Ne5 27. Bxe4 Nxg4 28. Bf3 Nf6 29. R5d4 b6 30. Ra1 Rc8 31. Rc4 Rcc7 32. Kf1 {The position is equal.} h5 33. Ke2 Ne8 34. Rd1 f5 35. Rdc1 Kf6 36. h4 Rcd7 37. Bc6 Rd6 38. Bxe8 Rxe8 {[%mdl 4096] Endgame KRR-KRR} 39. Rc7 a5 40. R1c4 Re5 41. f4 Rb5 42. Rc3 Rbd5 43. Rc2 Rd3 44. R7c6 Ke6 45. Rxd6+ Rxd6 46. b4 axb4 {Weighted Error Value: White=0.06/Black=0.07} 1/2-1/2

[Event "FEDA International IM 2020"]
[Site "La Palma"]
[Date "2020.12.05"]
[Round "6.2"]
[White "Garrido Outon, Alex"]
[Black "Hernandez, Cristian Andres"]
[Result "1-0"]
[WhiteElo "2359"]
[BlackElo "2322"]
[Annotator "TA"]
[PlyCount "111"]
[EventDate "2020.11.29"]
[EventCountry "ESP"]
[SourceTitle "playchess.com"]
[Source "ChessBase"]
[SourceQuality "1"]

{[%evp 20,111,0,-29,-13,-31,-18,-18,-10,-25,-22,-11,-14,0,0,0,0,0,0,-13,-14,0,0,0,0,0,0,0,0,0,0,0,24,25,32,20,27,19,51,32,32,32,76,55,127,132,102,100,82,68,403,215,531,527,618,613,600,593,2584,2156,8411,29948,8311,8147,29968,728,718,693,7885,8173,8006,6186,29952,1268,29960,29964,29962,29965,29976,29965,29971,29953,2737,763,29979,29980,29980,29981,29981,29982,29982,29983,29983,29983]} 1. e4 {Ftacnik,L} c5 2. Nf3 d6 3. d4 cxd4 4. Nxd4 Nf6 5. Nc3 a6 6. Bg5 e6 7. f4 h6 8. Bh4 Qb6 9. Qd2 Qxb2 10. Rb1 Qa3 11. e5 dxe5 {B97: Sicilian Najdorf: Poisoned Pawn.} 12. fxe5 Nfd7 13. Ne4 $1 Qxa2 {The position is equal.} 14. Rd1 $1 Qd5 15. Qe3 $1 Qxe5 ({Avoid the trap} 15... Nxe5 $2 16. Nb3 $18) 16. Be2 {Strongly threatening 0-0.} Bc5 17. Bg3 Qd5 {White must now prevent ...0-0. is more profitable than 17...Bxd4 at the moment.} 18. c4 Bxd4 19. Rxd4 Qa5+ 20. Rd2 $1 {Nd6+ is the strong threat.} O-O $1 21. Bd6 $1 f5 22. Bxf8 Nxf8 ({Much weaker is} 22... fxe4 23. Bd6 $16) 23. Nd6 Nbd7 24. g4 fxg4 25. Bxg4 Qa1+ {[#]} 26. Bd1 $146 ({Predecessor:} 26. Rd1 Qe5 27. Rd3 Nc5 28. O-O Nxd3 29. Qxd3 Bd7 30. Nxb7 Rb8 31. Bf3 Qc7 32. Nd6 Qc5+ 33. Rf2 a5 34. Nb7 Qb4 35. Qe4 Nh7 36. c5 Ng5 {0-1 (36) Najer,E (2687)-Vachier Lagrave,M (2798) Dortmund 2016 CBM 174 [Ftacnik,L]}) 26... Qe5 27. Qxe5 Nxe5 28. Kf2 Ned7 29. Bf3 {[%mdl 1024] White has compensation.} Rb8 30. Rb1 {[%cal Rf3b7]} Nc5 31. Ne4 Ncd7 (31... Nfd7 $14) 32. c5 $16 Ra8 33. Rc2 $36 {[%mdl 2048] aiming for Nd6. White is on the roll.} Ne5 34. Nd6 Nfd7 $2 {[%mdl 8192] A mistake that costs the game.} ({Black should try} 34... Nxf3 $14 35. Kxf3 e5) 35. Nxb7 (35. c6 $142) 35... Rb8 $2 (35... Nxf3 {is more resistant.} 36. Kxf3 Rb8) 36. c6 $18 Nc5 37. Ke3 Nxf3 38. Kxf3 Bxb7 39. Ke3 Rf8 40. cxb7 Nxb7 41. Rxb7 Rf5 42. Rcc7 (42. h4 $142 Re5+ 43. Kd3 Rf5 44. Rcc7 Rf3+ {[#]} 45. Ke4 $1 {[%mdl 512]} Rg3 46. Ke5 Kh7 47. Kxe6) 42... Rg5 43. Kf4 a5 44. h4 Rg1 45. Ke5 a4 46. Ra7 (46. h5 $142 a3 47. Ra7 Kh8 48. Rxa3 Kg8 49. Raa7 Rg5+ 50. Kxe6 Kh8 51. Rd7) 46... Rg4 47. h5 Kh7 48. Kxe6 Rg5 49. Rxa4 Kh8 50. Raa7 Kh7 51. Kf7 Rxh5 52. Kf8 {White mates.} Rf5+ 53. Rf7 Kg6 54. Rxf5 {[%mdl 64] [#] Overworked Piece} Kxf5 55. Kxg7 h5 56. Kh6 {Weighted Error Value: White=0.10/Black=0.81} 1-0

[Event "FEDA International IM 2020"]
[Site "La Palma"]
[Date "2020.12.05"]
[Round "6.3"]
[White "Adla, Diego"]
[Black "Alonso Garcia, Aaron"]
[Result "1-0"]
[WhiteElo "2433"]
[BlackElo "2258"]
[Annotator "TA"]
[PlyCount "61"]
[EventDate "2020.11.29"]
[EventCountry "ESP"]
[SourceTitle "playchess.com"]
[Source "ChessBase"]
[SourceQuality "1"]

{[%evp 13,61,28,22,10,14,22,16,19,19,0,0,1,11,0,54,60,50,44,144,150,310,307,347,345,403,413,494,442,452,457,457,454,482,443,462,399,524,516,838,829,784,712,842,806,840,640,1164,1164,1068,1070]} 1. Nf3 g6 2. e4 Bg7 3. d4 d6 4. Bd3 Nc6 5. c3 e5 6. dxe5 dxe5 7. O-O Nf6 8. a4 {B06: Modern Defence.} O-O {[#]} 9. a5 $146 ({Predecessor:} 9. Qc2 h6 10. Bb5 Bd7 11. Rd1 Qe7 12. b3 Rfd8 13. Ba3 Qe8 14. Nbd2 a6 15. Bf1 {½-½ (49) Beilfuss,W (2250)-Schmittdiel,E (2265) Germany West 1985}) 9... a6 10. Qc2 {The position is equal.} Bg4 11. Nbd2 {[%cal Bb1d2,Bd2c4,Bc4e3][%mdl 32]} Nh5 12. h3 Nf4 13. hxg4 {Strongly threatening Bc4.} Nxd3 (13... Qxd3 $11 14. Qxd3 Nxd3) 14. Nc4 $36 {[%mdl 2048] Threatens to win with Rd1. White is more active.} Qd7 15. Rd1 Rad8 (15... Qe6 $1 $14) 16. Ne3 $16 Ne7 $2 {Loses the game.} (16... h6 $16) 17. g5 $18 c5 {[#] and the idea ...c4 leaves Black hopeful.} 18. b3 $1 f5 19. gxf6 $1 Rxf6 {[#] If only Black now had time for ...Rd6....} 20. Nxe5 $1 {[%mdl 512]} Nxe5 21. Rxd7 Rxd7 22. Ba3 Rfd6 23. Rd1 Rxd1+ 24. Nxd1 Nd3 25. Ne3 {White is clearly winning.} Ne1 (25... Bf8 $142 26. Nd5 Nxd5 27. Qxd3 {[%mdl 64] Pin} Nf6 28. Qc4+ Kg7) 26. Qe2 Nd3 27. Qg4 Rd6 28. Nc4 h5 29. Qd1 Rd7 30. Nb6 Rd8 {[#]} 31. Nd5 $1 {Accuracy: White = 96%, Black = 34%.} 1-0

[Event "FEDA International IM 2020"]
[Site "La Palma"]
[Date "2020.12.05"]
[Round "6.4"]
[White "Sosa, Tomas"]
[Black "Habans Aguerrea, Javier"]
[Result "1-0"]
[WhiteElo "2529"]
[BlackElo "2269"]
[Annotator "RC"]
[PlyCount "75"]
[EventDate "2020.11.29"]
[EventCountry "ESP"]
[SourceTitle "playchess.com"]
[Source "ChessBase"]
[SourceQuality "1"]

1. c4 e5 2. Nc3 Bb4 3. Nd5 Bc5 4. b4 Bf8 5. Bb2 c6 6. Ne3 d6 7. g3 f5 8. d4 d5 9. Qb3 a5 10. Bh3 a4 11. Qc2 Bxb4+ 12. Kf1 a3 13. Bc3 Bxc3 14. Qxc3 f4 15. Nf5 Bxf5 16. Bxf5 exd4 17. Qd3 Ne7 18. cxd5 cxd5 19. Nh3 Qc7 20. Nxf4 Qc3 21. Rb1 Qxd3 22. Bxd3 Kd7 23. Rxb7+ Kd6 24. Kg2 Nbc6 25. Rhb1 g5 26. Nh5 Na5 27. R7b6+ Nec6 28. Nf6 h6 29. R1b5 Rab8 30. Nxd5 Rxb6 31. Nxb6 Rf8 32. Nc4+ Nxc4 33. Bxc4 Ne7 34. Ra5 Rc8 35. Bb3 Nc6 36. Rxa3 Re8 37. Ra6 Kc5 38. Rxc6+ 1-0

[Event "FEDA International IM 2020"]
[Site "La Palma"]
[Date "2020.12.05"]
[Round "6.5"]
[White "Macias Pino, Diego"]
[Black "Quispe Arteaga, Gabriel"]
[Result "1/2-1/2"]
[WhiteElo "2153"]
[BlackElo "2397"]
[Annotator "TA"]
[PlyCount "103"]
[EventDate "2020.11.29"]
[EventCountry "ESP"]
[SourceTitle "playchess.com"]
[Source "ChessBase"]
[SourceQuality "1"]

{[%evp 18,103,48,39,42,38,39,24,22,21,39,-12,-2,-7,-13,-21,-17,-25,-8,-36,-28,-80,-72,-104,-113,-122,-54,-48,-57,-46,-37,-68,-41,-47,-22,-58,-65,-72,-59,-66,-33,-72,-53,-41,-51,-47,-41,-55,-56,-68,-46,-79,-51,-56,-41,-121,-92,-130,339,322,342,356,358,351,349,344,343,341,341,308,304,295,324,288,414,396,501,504,512,466,564,564,557,557,557,557,557,495]} 1. e4 c5 2. Nc3 e6 3. Nf3 Nc6 4. d4 cxd4 5. Nxd4 Qc7 6. g3 a6 7. Bg2 d6 8. Nxc6 bxc6 9. O-O Nf6 10. Na4 Bb7 {B80: Sicilian Scheveningen: 6 g3 and 6 Be3, including English Attack.} 11. c4 c5 12. Nc3 {[%cal Ba4c3,Bc3d1,Bd1e3,Be3f5][%mdl 32]} Be7 {White has an edge.} 13. Qe2 O-O {[#]} 14. Re1 $146 (14. g4 $14) ({Predecessor:} 14. Bf4 Nd7 15. Rfd1 Ne5 16. Be3 Rab8 17. b3 Nc6 18. Rac1 Bf6 19. Qd2 Bd4 20. Ne2 Bxe3 21. Qxe3 {0-1 (49) Codenotti,M (2473)-Jovanic,O (2433) Trieste 2016}) 14... Nd7 $11 15. b3 Bf6 16. Bb2 Bd4 17. Nd1 e5 18. Ne3 a5 {[%cal Ba6a5,Ba5a4][%mdl 32]} 19. f4 (19. Rab1 $11) 19... Rfe8 20. Rf1 a4 21. fxe5 Bxe5 (21... Nxe5 $17 22. Kh1 f6) 22. Nf5 $15 Bxb2 23. Qxb2 {[%csl Gf5][%cal Rb2g7] [#]} Ne5 24. Rad1 Rad8 25. Rd2 Bc8 26. Ne3 Be6 27. Qc3 axb3 28. axb3 Rb8 29. Rfd1 Rb6 30. Nf5 Bxf5 31. exf5 Reb8 32. Qc2 Qe7 33. Qe4 Rd8 34. Rd5 {[#] And now Qxe5! would win.} Re8 35. Qe3 h6 36. h3 (36. Qf4 $15) 36... Kh7 37. Qd2 {[%cal Rd5d6]} Rxb3 $2 {[%mdl 8192] Now Black is done in.} (37... f6 $17 {and life is bright.} 38. Rxd6 Rxb3) 38. f6 $1 $18 {[%cal Rf6e7]} Nf3+ 39. Bxf3 $1 Qe3+ 40. Qxe3 Rexe3 41. Bg2 Rxg3 42. fxg7 ({But not} 42. Rxd6 Rb2 $18) 42... Kxg7 43. Rxd6 Rbc3 44. Kh2 Rge3 45. Rg1 Re2 (45... Kf8 $142 46. Rxh6 Rxc4) 46. Kh1 Kf8 47. Rxh6 {White is clearly winning.} Rd2 48. Rh4 Rd4 49. Rxd4 cxd4 50. Bd5 Rxh3+ 51. Kg2 Rc3 52. Rd1 {[%mdl 32768] Accuracy: White = 71%, Black = 66%. . An unexpected result.} 1/2-1/2